000 00620nam a2200241 a 4500
001 19505
003 CO-ViMGA
008 141112s2004 ck r 000 u spa d
020 _a9580467382
040 _aCO-ViMGA
_bspa
_cCO-ViMGA
082 0 4 _a465 A845e
100 1 _aAvila, Fernando
_928142
245 1 0 _aEspañol correcto
250 _a3
260 _aBogotá; Norma; 2002
300 _a478 p. il
490 _aPara Dummies
590 _aForma de adquisición : Premio Mincultura
650 1 4 _aESPAÑOL - GRAMATICA
650 1 4 _aESPAÑOL - ORTOGRAFIA
650 1 4 _aESPAÑOL - VERBO
_928143
942 _2ddc
_cBK
999 _c28646
_d28646